Statistics for Generator Puzzle #70

Click here to take the quiz!

General Stats

  • This quiz has been taken 25 times
  • The average score is 11 of 21

Answer Stats

clueword% Correct
grows on your headhair
94%
precipitationrain
83%
word a pilot uses to express a directionbearing
78%
store shirts on this in a wardrobehanger
78%
period of a monarch's rulereign
78%
sea near AlaskaBering
72%
French cheese varietyBrie
72%
noise horses makeneigh
72%
manual cars have thisgear
61%
national park patrollerranger
61%
antonym of frontrear
56%
fury, rageanger
50%
Canadian provincial capitalRegina
50%
handrail for ballet practicebarre
44%
over-eat or over-drinkbinge
44%
jewellery item, worn north of the neckearring
44%
9-letter wordHARBINGER
44%
German for mountainBerg
28%
increasegain
17%
land depression, opposite of horstgraben
6%
painful abdominal conditionhernia
6%

Score Distribution

Percentile by Number Answered

Percent of People with Each Score

Your Score History

You have not taken this quiz